| 000 | 00353 a2200109 4500 | ||
|---|---|---|---|
| 001 | ART_12901 | ||
| 005 | 20260410161734.0 | ||
| 008 | 260409a | ||
| 245 | 1 | 0 | _aNuevas herramientas para manejar el riesgo de las tasas de interes |
| 100 | 1 | _aJanovitz, Elemer | |
| 773 | 0 |
_tEjecutivos de finanzas _g- Año 7, Nº 67 (jul. 1990) _wREV2863 |
|
| 999 |
_c18113 _d18113 |
||